HOW MUCH OF A BOOKTOK PERSON ARE YOU? #2 - Statistics

General Stats
  • This quiz has been taken 411 times
  • The average score is 10 of 15
Answers on the Grid
Answers color-coded by a green-red scale on the quiz's grid according to % correct below.
To kill a mockingbird
Bride
Onyx Storm
One hundrend years of solitude
Emma
Hamlet
The seven husbants of Evelyn Hugo
A good girls guide to murder
Lord of flies
Verity
Lolita
Funny Story
Jane Eyre
Six of Crows
Girl in pieces
Better than the movies
David Copperfield
Il gattopardo
The Atlas Six
The kite runner
Great expetations
Quicksilver
The odyssey
Deep End
The secret History
The song of Achilles
Moby Dick
The housemaid
The color purple
The catcher in the rye
 
Answer Stats
Answer % Correct
A good girls guide to murder
87%
Onyx Storm
87%
Six of Crows
80%
The seven husbants of Evelyn Hugo
80%
Better than the movies
75%
The song of Achilles
71%
Verity
70%
The housemaid
64%
Girl in pieces
61%
Bride
58%
The Atlas Six
56%
Quicksilver
53%
Funny Story
46%
Deep End
44%
The secret History
33%
No matching quizzes found
Score Distribution
Percent of People with Each Score
Percentile by Number Answered
Your Score History
You have not taken this quiz